FUNDAMENTALS OF REINFORCEMENT CONCRETE (Record no. 5564)

MARC details
000 -LEADER
fixed length control field 00386nam a22001577a 4500
005 - DATE AND TIME OF LATEST TRANSACTION
control field 20170916102044.0
008 - FIXED-LENGTH DATA ELEMENTS--GENERAL INFORMATION
fixed length control field 170916b xxu||||| |||| 00| 0 eng d
020 ## - INTERNATIONAL STANDARD BOOK NUMBER
ISBN 978-81-219-0127-7
041 ## - LANGUAGE CODE
Language code of text/sound track or separate title eng
082 ## - DEWEY DECIMAL CLASSIFICATION NUMBER
Classification number 624.183 41
100 ## - MAIN ENTRY--AUTHOR NAME
Personal name SINHA, N.C. AND ROY, S.K.
245 ## - TITLE STATEMENT
Title FUNDAMENTALS OF REINFORCEMENT CONCRETE
260 ## - PUBLICATION, DISTRIBUTION, ETC. (IMPRINT)
Name of publisher S. CHAND
300 ## - PHYSICAL DESCRIPTION
Number of Pages 1146p,
942 ## - ADDED ENTRY ELEMENTS (KOHA)
Koha item type Books
Holdings
Lost status Damaged status Home library Current library Shelving location Date acquired Source of acquisition Cost, normal purchase price Full call number Accession Number Koha item type
    JRU Library   SHELF-6-B 16/09/2017 PURCHESS 550.00 624.183 41 21909 Books
    JRU Library   SHELF-42-G 16/09/2017 PURCHESS 550.00 624.183 41 21910 Books